Tào Tháo; T1 Tiểu thuyết lịch sử

Bộ tiểu thuyết "Tào Tháo" gồm 3 tập viết về một nhân vật đứng trên đỉnh cao của cuộc đấu tranh chính trị trong lịch sử Trung Quốc. Tào Tháo đứng đầu trong ba nhân vật anh hùng trong Tam Quốc: đại trí, đại dũng và đại gian hùng. Ông l...

全面介绍

Đã lưu trong:
书目详细资料
主要作者: Tào Trọng Hoài
格式: 图书
语言:Undetermined
出版: Hà Nội VHTT 1998
主题:
标签: 添加标签
没有标签, 成为第一个标记此记录!
Thư viện lưu trữ: Trung tâm Học liệu Trường Đại học Cần Thơ
LEADER 01138nam a2200193Ia 4500
001 CTU_22246
008 210402s9999 xx 000 0 und d
082 |a 895.13081 
082 |b H404/T1 
100 |a Tào Trọng Hoài 
245 0 |a Tào Tháo; T1 
245 0 |b Tiểu thuyết lịch sử 
245 0 |c Tào Trọng Hoài; Dịch giả: Dương Thu ái 
260 |a Hà Nội 
260 |b VHTT 
260 |c 1998 
520 |a Bộ tiểu thuyết "Tào Tháo" gồm 3 tập viết về một nhân vật đứng trên đỉnh cao của cuộc đấu tranh chính trị trong lịch sử Trung Quốc. Tào Tháo đứng đầu trong ba nhân vật anh hùng trong Tam Quốc: đại trí, đại dũng và đại gian hùng. Ông là không những là nhà chính trị kiệt xuất, nhà quân sự thiên tài, mà còn là một nhà thơ lớn, đế vương phong lưu nhất trong lịch sử Trung Quốc 
650 |a china - history,chinese literature 
980 |a Trung tâm Học liệu Trường Đại học Cần Thơ